| 000 | 00740nam a22002175i 4500 | ||
|---|---|---|---|
| 001 | 177520 | ||
| 003 | ES-MaACL | ||
| 005 | 20230906220345.0 | ||
| 008 | 110330s1963 sp ao |||| | spa d | ||
| 080 | _a616.36-008.5 | ||
| 100 | 1 |
_aCasanova Seco, Antonio. _936117 |
|
| 245 | 1 | 4 |
_aEstado actual del problema de las ictericias / _cAntonio Casanova Seco. |
| 260 |
_aMadrid : _bMontecorvo, _c1963. |
||
| 300 |
_a204 p. : _bil. bl. y n. ; _c24 cm. |
||
| 490 | 1 |
_aMonografías. Colección de estudios médicos ; _v6 |
|
| 504 | _aBibliografía: p. 195-199. | ||
| 650 | 0 | 4 |
_aIctericia. _9145906 |
| 830 | 0 |
_aMonografías. Colección de estudios médicos ; _v6 _9190473 |
|
| 852 |
_aES-MaACL _jE-14732 _xOlim P-201-Ter |
||
| 999 |
_c177520 _d177520 |
||